000 00491nam a22001577a 4500
008 230510b |||||||| |||| 00| 0 eng d
040 _aNational Science Library
_cNational Science Library
080 _a778.6
_bN8
100 _aReilly, James M
_98512
245 _aStorage guide for color photographic materials
260 _aNew York:
_bUniversity of the State of New York,
_c1998
300 _aiv, 48p.
650 _aPhotography
653 _aColor photography
942 _2udc
_cREF
999 _c28272
_d28272